[Event "4NCL/2001-02/D3/AFC-MSL"]
[Site "Rd01-Birmingham"]
[Date "2001.09.22"]
[Round "1.1"]
[White "Carleton, John Joseph"]
[Black "Kenworthy, Gary"]
[Result "1/2-1/2"]
[WhiteElo "2253"]
[BlackElo "2282"]
[PlyCount "22"]
[EventDate "2001.09.22"]
[EventType "team-match"]
[EventCountry "ENG"]
[SourceTitle "BritBase"]
[Source "John Saunders"]
[SourceDate "2024.10.24"]
[SourceVersion "1"]
[SourceVersionDate "2024.10.24"]
[SourceQuality "1"]
[WhiteTeam "All Four Corners"]
[BlackTeam "Mind Sports Ltd"]
[WhiteTeamCountry "ENG"]
[BlackTeamCountry "ENG"]

1. d4 g6 2. e4 Bg7 3. Nc3 d6 4. Nf3 a6 5. a4 Nd7 6. Be3 c5 7. Bc4 cxd4 8. Bxd4 Ngf6 9. O-O O-O 10. Qe2 Qc7 11. e5 dxe5 1/2-1/2

[Event "4NCL/2001-02/D3/AFC-MSL"]
[Site "Rd01-Birmingham"]
[Date "2001.09.22"]
[Round "1.2"]
[White "Parker, Robert"]
[Black "Spence, David J"]
[Result "1-0"]
[WhiteElo "2114"]
[BlackElo "2185"]
[PlyCount "83"]
[EventDate "2001.09.22"]
[EventType "team-match"]
[EventCountry "ENG"]
[SourceTitle "BritBase"]
[Source "John Saunders"]
[SourceDate "2024.10.24"]
[SourceVersion "1"]
[SourceVersionDate "2024.10.24"]
[SourceQuality "1"]
[WhiteTeam "Mind Sports Ltd"]
[BlackTeam "All Four Corners"]
[WhiteTeamCountry "ENG"]
[BlackTeamCountry "ENG"]

1. d4 d5 2. c4 c6 3. Nf3 Nf6 4. Nc3 a6 5. cxd5 cxd5 6. Bf4 Nc6 7. e3 e6 8. Be2 Be7 9. h3 Bd7 10. O-O O-O 11. Rc1 Rc8 12. Bd3 b5 13. Qe2 Qb6 14. Rfd1 Na5 15. Ne5 Bc6 16. g4 Nc4 17. g5 Nd7 18. Nxf7 Kxf7 19. Qh5+ g6 20. Qxh7+ Ke8 21. Qxg6+ Kd8 22. Bxc4 dxc4 23. Be5 Bf3 24. Rd2 Qb7 25. h4 b4 26. Na4 c3 27. bxc3 bxc3 28. Rxc3 Be4 29. Qh5 Bf3 30. Qg6 Rf5 31. Rb2 Qe4 32. Rxc8+ Kxc8 33. Qe8+ Bd8 34. Qxd7+ Kxd7 35. Nc5+ Kc6 36. Nxe4 Bxe4 37. f4 Bf3 38. Kf2 Bh5 39. Rb8 Ba5 40. Rh8 Bf7 41. h5 Bxh5 42. Rxh5 1-0

[Event "4NCL/2001-02/D3/AFC-MSL"]
[Site "Rd01-Birmingham"]
[Date "2001.09.22"]
[Round "1.3"]
[White "Hardman, Michael J"]
[Black "Coleman, James"]
[Result "1/2-1/2"]
[WhiteElo "1960"]
[BlackElo "2127"]
[PlyCount "116"]
[EventDate "2001.09.22"]
[EventType "team-match"]
[EventCountry "ENG"]
[SourceTitle "BritBase"]
[Source "John Saunders"]
[SourceDate "2024.10.24"]
[SourceVersion "1"]
[SourceVersionDate "2024.10.24"]
[SourceQuality "1"]
[WhiteTeam "All Four Corners"]
[BlackTeam "Mind Sports Ltd"]
[WhiteTeamCountry "ENG"]
[BlackTeamCountry "ENG"]

1. d4 Nf6 2. Nf3 g6 3. c4 Bg7 4. g3 d5 5. cxd5 Nxd5 6. Bg2 Nc6 7. O-O Nb6 8. e3 O-O 9. Nc3 e5 10. d5 Ne7 11. e4 Bg4 12. Qb3 Bxf3 13. Bxf3 Nec8 14. Be3 Nd6 15. Bc5 Re8 16. Bxd6 Qxd6 17. Nb5 Qe7 18. Rac1 Rec8 19. Bg4 Nd7 20. Nxc7 Nc5 21. Rxc5 Rxc7 22. Rxc7 Qxc7 23. Qc3 Qxc3 24. bxc3 Bf8 25. Rb1 b6 26. Kf1 Bc5 27. Ke2 Kf8 28. f4 Re8 29. f5 Ke7 30. Kd3 g5 31. Rh1 h6 32. Bd1 Rg8 33. g4 Bf2 34. Ke2 Bc5 35. Kf3 Kf6 36. h4 Kg7 37. hxg5 hxg5 38. Ke2 f6 39. Kd3 Rc8 40. Ba4 Rh8 41. Rxh8 Kxh8 42. Kc4 Kg7 43. Kb5 Kf8 44. Kc6 Ke7 45. Bb5 Ba3 46. Ba6 Bc5 47. a4 Ba3 48. a5 Bc5 49. Bb5 Ba3 50. c4 Bb4 51. axb6 axb6 52. d6+ Bxd6 53. Kxb6 Kd8 54. c5 Bc7+ 55. Kc6 Bb8 56. Kd5 Ke7 57. Ba4 Bc7 58. Kc6 Kd8 1/2-1/2

[Event "4NCL/2001-02/D3/AFC-MSL"]
[Site "Rd01-Birmingham"]
[Date "2001.09.22"]
[Round "1.4"]
[White "Almond, Richard JA"]
[Black "Phillips, David"]
[Result "1-0"]
[WhiteElo "2140"]
[BlackElo "1984"]
[PlyCount "109"]
[EventDate "2001.09.22"]
[EventType "team-match"]
[EventCountry "ENG"]
[SourceTitle "BritBase"]
[Source "John Saunders"]
[SourceDate "2024.10.24"]
[SourceVersion "1"]
[SourceVersionDate "2024.10.24"]
[SourceQuality "1"]
[WhiteTeam "Mind Sports Ltd"]
[BlackTeam "All Four Corners"]
[WhiteTeamCountry "ENG"]
[BlackTeamCountry "ENG"]

1. d4 Nf6 2. c4 g6 3. Nc3 d5 4. Nf3 Bg7 5. Qb3 dxc4 6. Qxc4 O-O 7. e4 Na6 8. Be2 c5 9. d5 e6 10. O-O exd5 11. exd5 Bf5 12. Rd1 Qb6 13. a3 Bc2 14. Rd2 Bb3 15. Qh4 Rad8 16. Bc4 Rfe8 17. h3 Bxc4 18. Qxc4 Nc7 19. Rd1 Qa6 20. Qxc5 Rc8 21. Qb4 Bf8 22. Qh4 Rcd8 23. Bg5 Be7 24. Re1 h6 25. Rxe7 hxg5 26. Rxe8+ Nfxe8 27. Qxg5 Qf6 28. Rd1 Qxg5 29. Nxg5 Nf6 30. Nge4 Kg7 31. Nxf6 Kxf6 32. f4 g5 33. Ne4+ Kf5 34. Nxg5 f6 35. Nf3 Rxd5 36. Rxd5+ Nxd5 37. g3 Ne3 38. b3 Nc2 39. a4 Nb4 40. Kf1 a6 41. Ke2 Nc6 42. Ke3 Nb4 43. g4+ Ke6 44. h4 Nd5+ 45. Ke4 f5+ 46. gxf5+ Kd6 47. Ne5 Nf6+ 48. Kd4 Nh5 49. Nc4+ Ke7 50. Ke5 Nf6 51. Ne3 Nd7+ 52. Kd4 Kf6 53. Kd5 Nb8 54. Kd6 Nc6 55. Nd5+ 1-0

[Event "4NCL/2001-02/D3/AFC-MSL"]
[Site "Rd01-Birmingham"]
[Date "2001.09.22"]
[Round "1.5"]
[White "Khoo, Teresa"]
[Black "Hawkins, James Nick"]
[Result "1/2-1/2"]
[WhiteElo "1880"]
[BlackElo "2101"]
[PlyCount "58"]
[EventDate "2001.09.22"]
[EventType "team-match"]
[EventCountry "ENG"]
[SourceTitle "BritBase"]
[Source "John Saunders"]
[SourceDate "2024.10.24"]
[SourceVersion "1"]
[SourceVersionDate "2024.10.24"]
[SourceQuality "1"]
[WhiteTeam "All Four Corners"]
[BlackTeam "Mind Sports Ltd"]
[WhiteTeamCountry "ENG"]
[BlackTeamCountry "ENG"]

1. e4 e5 2. Nf3 Nc6 3. Bb5 a6 4. Ba4 Nf6 5. O-O Nxe4 6. d4 b5 7. Bb3 d5 8. dxe5 Be6 9. c3 Bc5 10. Nbd2 O-O 11. Qe2 Nxf2 12. Rxf2 Bxf2+ 13. Qxf2 f6 14. exf6 Qxf6 15. Qc5 Ne7 16. Nf1 Qg6 17. Ng3 Rae8 18. Qxc7 h5 19. Bg5 Rxf3 20. Bxe7 Rf7 21. Bd1 Rfxe7 22. Qc5 Bf7 23. Bxh5 Qf6 24. Bf3 Qf4 25. Qf2 Qe3 26. Rf1 Qxf2+ 27. Kxf2 d4 28. Nf5 Rc7 29. Nxd4 Bc4 1/2-1/2

[Event "4NCL/2001-02/D3/AFC-MSL"]
[Site "Rd01-Birmingham"]
[Date "2001.09.22"]
[Round "1.6"]
[White "Purdon, Colin"]
[Black "Jones, Ronald"]
[Result "1-0"]
[WhiteElo "2081"]
[BlackElo "1664"]
[PlyCount "101"]
[EventDate "2001.09.22"]
[EventType "team-match"]
[EventCountry "ENG"]
[SourceTitle "BritBase"]
[Source "John Saunders"]
[SourceDate "2024.10.24"]
[SourceVersion "1"]
[SourceVersionDate "2024.10.24"]
[SourceQuality "1"]
[WhiteTeam "Mind Sports Ltd"]
[BlackTeam "All Four Corners"]
[WhiteTeamCountry "ENG"]
[BlackTeamCountry "ENG"]

1. d4 b6 2. e4 Bb7 3. Nc3 d6 4. f4 e6 5. Nf3 Nd7 6. Bd3 Be7 7. O-O Ngf6 8. Kh1 O-O 9. Qe1 c5 10. Be3 a6 11. a4 d5 12. e5 Ne4 13. Bg1 f5 14. exf6 Ndxf6 15. Ng5 c4 16. Bxe4 dxe4 17. Nxe6 Qd6 18. Nxf8 Rxf8 19. Qe2 Qc6 20. Rad1 Bd6 21. d5 Qd7 22. Qxc4 Qf5 23. Be3 Re8 24. Qe2 Nd7 25. Qf2 Bb4 26. Bd4 Bxc3 27. bxc3 Bxd5 28. Qg3 g6 29. Qg5 Bc4 30. Qxf5 gxf5 31. Rfe1 b5 32. axb5 axb5 33. Re3 Kf7 34. Ra1 Nf8 35. Ra7+ Ke6 36. Kg1 Ng6 37. g3 Ne7 38. Re1 Rd8 39. Rea1 Nc6 40. R1a6 Kd5 41. Ra8 Rd7 42. Ra1 Be2 43. Kf2 Bf3 44. Ke3 b4 45. Rf8 Kc4 46. Rxf5 Nxd4 47. cxd4 Rxd4 48. Raa5 Kc3 49. Rfc5+ Rc4 50. Rxc4+ Kxc4 51. f5 1-0

[Event "4NCL/2001-02/D3/AFC-MSL"]
[Site "Rd01-Birmingham"]
[Date "2001.09.22"]
[Round "1.7"]
[White "Morrison, Munroe"]
[Black "Tuck, Jonathan"]
[Result "0-1"]
[WhiteElo "1496"]
[BlackElo "1952"]
[PlyCount "54"]
[EventDate "2001.09.22"]
[EventType "team-match"]
[EventCountry "ENG"]
[SourceTitle "BritBase"]
[Source "John Saunders"]
[SourceDate "2024.10.24"]
[SourceVersion "1"]
[SourceVersionDate "2024.10.24"]
[SourceQuality "1"]
[WhiteTeam "All Four Corners"]
[BlackTeam "Mind Sports Ltd"]
[WhiteTeamCountry "ENG"]
[BlackTeamCountry "ENG"]

1. e4 c5 2. Nf3 d6 3. Nc3 g6 4. d4 cxd4 5. Qxd4 Nf6 6. e5 Nh5 7. exd6 Bg7 8. Qa4+ Nc6 9. Bb5 Qxd6 10. Bxc6+ bxc6 11. Ne4 Qd5 12. O-O O-O 13. Re1 a5 14. c4 Qd7 15. Qc2 Rb8 16. Rb1 Qb7 17. b3 Bf5 18. Nh4 Bxe4 19. Qxe4 e5 20. Nf3 f5 21. Qc2 Rfe8 22. Bb2 e4 23. Nd4 Nf4 24. Ba1 Rbd8 25. Ne2 Nd3 26. Red1 Qa7 27. Nc1 Nxf2 0-1

[Event "4NCL/2001-02/D3/AFC-MSL"]
[Site "Rd01-Birmingham"]
[Date "2001.09.22"]
[Round "1.8"]
[White "Gross, Danielle"]
[Black "Jones, Mary"]
[Result "0-1"]
[WhiteElo "1256"]
[BlackElo "1528"]
[PlyCount "72"]
[EventDate "2001.09.22"]
[EventType "team-match"]
[EventCountry "ENG"]
[SourceTitle "BritBase"]
[Source "John Saunders"]
[SourceDate "2024.10.24"]
[SourceVersion "1"]
[SourceVersionDate "2024.10.24"]
[SourceQuality "1"]
[WhiteTeam "Mind Sports Ltd"]
[BlackTeam "All Four Corners"]
[WhiteTeamCountry "ENG"]
[BlackTeamCountry "ENG"]

1. e4 c5 2. Nf3 Nc6 3. c3 d5 4. exd5 Qxd5 5. Bb5 Bg4 6. Qb3 Bxf3 7. gxf3 Qxf3 8. Bxc6+ Qxc6 9. Rg1 Qe4+ 10. Kd1 Nf6 11. Qb5+ Nd7 12. Rg5 a6 13. Qf1 h6 14. Rg3 e6 15. d3 Qd5 16. Be3 Ne5 17. Bf4 O-O-O 18. Bxe5 Qxe5 19. Nd2 g5 20. Kc2 Bg7 21. Re1 Qc7 22. Qg2 Qa5 23. Kb1 Qb5 24. Ne4 f5 25. Rc1 fxe4 26. Qxe4 Rhe8 27. Re3 a5 28. Qg6 Qd7 29. Rce1 e5 30. Qb6 Qc7 31. Qb5 Re6 32. d4 Rb6 33. Qxa5 Rxb2+ 34. Kxb2 Qxa5 35. dxe5 Rd2+ 36. Kc1 Qxa2 0-1

[Event "4NCL/2001-02/D3/BRI2-NK"]
[Site "Rd01-Birmingham"]
[Date "2001.09.22"]
[Round "1.1"]
[White "Dilleigh, Stephen P"]
[Black "Williams, Leighton"]
[Result "0-1"]
[WhiteElo "2191"]
[BlackElo "2304"]
[PlyCount "52"]
[EventDate "2001.09.22"]
[EventType "team-match"]
[EventCountry "ENG"]
[SourceTitle "BritBase"]
[Source "John Saunders"]
[SourceDate "2024.10.24"]
[SourceVersion "1"]
[SourceVersionDate "2024.10.24"]
[SourceQuality "1"]
[WhiteTeam "Bristol 2"]
[BlackTeam "Nidum Knights"]
[WhiteTeamCountry "ENG"]
[BlackTeamCountry "WLS"]

1. c4 e5 2. g3 Nf6 3. Bg2 c6 4. d4 exd4 5. Qxd4 Na6 6. Nc3 Bc5 7. Qe5+ Be7 8. Nf3 O-O 9. O-O Re8 10. Qf4 Bb4 11. Nd4 Nc5 12. Bd2 Bxc3 13. Bxc3 Nce4 14. Qc1 d5 15. cxd5 Nxd5 16. Bd2 Qf6 17. Nf3 h6 18. Rd1 Bg4 19. Be1 Re7 20. Nd4 Ng5 21. Bxd5 cxd5 22. Qc3 Nh3+ 23. Kg2 Rae8 24. Rd2 Qg6 25. e3 Rxe3 26. Qc2 Nf4+ 0-1

[Event "4NCL/2001-02/D3/BRI2-NK"]
[Site "Rd01-Birmingham"]
[Date "2001.09.22"]
[Round "1.2"]
[White "Walsh, Chris"]
[Black "Kahar, Krunal"]
[Result "0-1"]
[WhiteElo "2190"]
[BlackElo "2172"]
[PlyCount "101"]
[EventDate "2001.09.22"]
[EventType "team-match"]
[EventCountry "ENG"]
[SourceTitle "BritBase"]
[Source "John Saunders"]
[SourceDate "2024.10.24"]
[SourceVersion "1"]
[SourceVersionDate "2024.10.24"]
[SourceQuality "1"]
[WhiteTeam "Nidum Knights"]
[BlackTeam "Bristol 2"]
[WhiteTeamCountry "WLS"]
[BlackTeamCountry "ENG"]

1. e4 c5 2. Nf3 Nc6 3. d4 cxd4 4. Nxd4 e6 5. Nc3 a6 6. Be3 Nge7 7. Be2 Nxd4 8. Qxd4 b5 9. O-O Nc6 10. Qd2 Be7 11. f4 Qc7 12. Bf3 O-O 13. Ne2 Bb7 14. Rad1 Rfd8 15. Nd4 Rac8 16. Nxc6 Bxc6 17. Qf2 Bb7 18. c3 Bc5 19. Bxc5 Qxc5 20. Qxc5 Rxc5 21. e5 Bxf3 22. Rxf3 d5 23. exd6 Rd5 24. Rxd5 exd5 25. Kf2 Rxd6 26. f5 Kf8 27. Ke3 Rh6 28. h3 Rh4 29. g4 h5 30. gxh5 Ke7 31. Rf4 Rxh3+ 32. Kd4 Rxh5 33. Kxd5 Kf6 34. Kc6 Rxf5 35. Rb4 Ke7 36. Kb7 Rf6 37. a4 bxa4 38. Rxa4 g5 39. Rd4 Rg6 40. c4 g4 41. c5 g3 42. Re4+ Kd7 43. Rd4+ Ke6 44. c6 f5 45. c7 Rg7 46. Kc6 Rxc7+ 47. Kxc7 g2 48. Rd6+ Kf7 49. Rd7+ Kf6 50. Rd1 f4 51. Rd6+ 0-1

[Event "4NCL/2001-02/D3/BRI2-NK"]
[Site "Rd01-Birmingham"]
[Date "2001.09.22"]
[Round "1.3"]
[White "Easton, Alex"]
[Black "Gandy, Andrew R"]
[Result "1-0"]
[WhiteElo "2161"]
[BlackElo "2067"]
[PlyCount "95"]
[EventDate "2001.09.22"]
[EventType "team-match"]
[EventCountry "ENG"]
[SourceTitle "BritBase"]
[Source "John Saunders"]
[SourceDate "2024.10.24"]
[SourceVersion "1"]
[SourceVersionDate "2024.10.24"]
[SourceQuality "1"]
[WhiteTeam "Bristol 2"]
[BlackTeam "Nidum Knights"]
[WhiteTeamCountry "ENG"]
[BlackTeamCountry "WLS"]

1. Nf3 Nf6 2. c4 d6 3. d4 Nbd7 4. Nc3 e5 5. e4 Be7 6. Be2 O-O 7. O-O c6 8. Qc2 a6 9. Rd1 Qc7 10. Be3 b5 11. cxb5 cxb5 12. Rac1 Bb7 13. dxe5 dxe5 14. Nd5 Qd8 15. Nxf6+ Bxf6 16. Qc7 Bc8 17. Qc6 Rb8 18. Ba7 Rb7 19. Qxa6 Rc7 20. Qa3 Be7 21. Qe3 Rxc1 22. Rxc1 Qa5 23. a3 Rd8 24. b4 Qa6 25. Bc5 Bxc5 26. bxc5 Bb7 27. a4 Bc6 28. axb5 Bxb5 29. Bxb5 Qxb5 30. c6 Nb6 31. h3 f6 32. Qc3 Rc8 33. Nh2 Rc7 34. Nf1 Nc8 35. Ne3 Ne7 36. Nf5 Nxf5 37. exf5 Qd5 38. Qb4 Qd8 39. Qb3+ Kf8 40. Qe6 Qe7 41. Qd5 g6 42. fxg6 hxg6 43. Rb1 Kg7 44. g3 Kh6 45. Rb7 Rxb7 46. cxb7 Qb4 47. Qc6 e4 48. Qc7 1-0

[Event "4NCL/2001-02/D3/BRI2-NK"]
[Site "Rd01-Birmingham"]
[Date "2001.09.22"]
[Round "1.4"]
[White "Tabatabai, John"]
[Black "Frost, Nicholas A"]
[Result "1/2-1/2"]
[WhiteElo "2039"]
[BlackElo "2129"]
[PlyCount "237"]
[EventDate "2001.09.22"]
[EventType "team-match"]
[EventCountry "ENG"]
[SourceTitle "BritBase"]
[Source "John Saunders"]
[SourceDate "2024.10.24"]
[SourceVersion "1"]
[SourceVersionDate "2024.10.24"]
[SourceQuality "1"]
[WhiteTeam "Nidum Knights"]
[BlackTeam "Bristol 2"]
[WhiteTeamCountry "WLS"]
[BlackTeamCountry "ENG"]

1. e4 e6 2. Nf3 d5 3. e5 c5 4. b4 cxb4 5. a3 Nc6 6. axb4 Qc7 7. d4 Bxb4+ 8. c3 Be7 9. Bd3 f6 10. Qe2 Bd7 11. O-O a6 12. Bf4 g5 13. Bg3 Qd8 14. exf6 Bxf6 15. Ne5 Qe7 16. Qh5+ Kf8 17. f4 Be8 18. Qe2 h6 19. Nd2 Kg7 20. Ndf3 Bh5 21. Nxc6 bxc6 22. Rxa6 Rxa6 23. Bxa6 Bg6 24. Ne5 Be4 25. Nxc6 Qa3 26. fxg5 hxg5 27. Be5 Qxc3 28. Qg4 Qe3+ 29. Kh1 Bf5 30. Rxf5 exf5 31. Qxf5 Qc1+ 32. Bf1 Qxc6 33. Qxg5+ Kf7 34. Qf4 Rh4 35. Qf2 Re4 36. g3 Qc1 37. Kg2 Qe3 38. Qf5 Qd2+ 39. Kg1 Qe3+ 40. Kg2 Qd2+ 41. Kg1 Rxe5 42. dxe5 Qe3+ 43. Kg2 Qxe5 44. Qxe5 Bxe5 45. Kf3 Kf6 46. h3 Ne7 47. g4 Kg5 48. Ke3 Kh4 49. Bg2 d4+ 50. Ke4 Bg7 51. Kf3 Nd5 52. Bf1 Ne3 53. Bd3 Kxh3 54. g5 Kh4 55. g6 Kg5 56. Be4 Ng4 57. Bb1 Ne5+ 58. Ke4 Nxg6 59. Ba2 Nf4 60. Bb1 Ne2 61. Bd3 Nc3+ 62. Kf3 Kf6 63. Bh7 Ke5 64. Bg6 Bh6 65. Bh7 Na4 66. Bg6 Nc5 67. Bh7 Be3 68. Bg6 Kd5 69. Bh7 Kc4 70. Ke2 Bh6 71. Bg6 Kc3 72. Bf5 d3+ 73. Bxd3 Nxd3 74. Kf3 Kd4 75. Kg4 Ke4 76. Kh5 Bf4 77. Kg6 Ke5 78. Kf7 Nc5 79. Kg6 Be3 80. Kh5 Kf5 81. Kh4 Ne4 82. Kh3 Kf4 83. Kg2 Nd2 84. Kh3 Ne4 85. Kg2 Ng3 86. Kh2 Kf3 87. Kh3 Bg1 88. Kh4 Ne4 89. Kh5 Kf4 90. Kg6 Bc5 91. Kf7 Kf5 92. Ke8 Ke6 93. Kd8 Bd6 94. Kc8 Nc5 95. Kd8 Be5 96. Kc8 Bf4 97. Kd8 Kd6 98. Ke8 Ke6 99. Kd8 Nb7+ 100. Kc8 Na5 101. Kd8 Be5 102. Kc8 Kd6 103. Kb8 Kc6+ 104. Ka7 Nc4 105. Ka6 Bf4 106. Ka7 Na5 107. Ka6 Nb7 108. Ka7 Bc7 109. Ka6 Be5 110. Ka7 Nd6 111. Ka6 Nc4 112. Ka7 Nb6 113. Ka6 Bb8 114. Ka5 Bd6 115. Ka6 Nd5 116. Ka5 Nc3 117. Ka6 Nb5 118. Ka5 Nc3 119. Ka6 1/2-1/2

[Event "4NCL/2001-02/D3/BRI2-NK"]
[Site "Rd01-Birmingham"]
[Date "2001.09.22"]
[Round "1.5"]
[White "Curtis, John"]
[Black "Powell, Annie"]
[Result "1/2-1/2"]
[WhiteElo "2056"]
[BlackElo "2017"]
[PlyCount "105"]
[EventDate "2001.09.22"]
[EventType "team-match"]
[EventCountry "ENG"]
[SourceTitle "BritBase"]
[Source "John Saunders"]
[SourceDate "2024.10.24"]
[SourceVersion "1"]
[SourceVersionDate "2024.10.24"]
[SourceQuality "1"]
[WhiteTeam "Bristol 2"]
[BlackTeam "Nidum Knights"]
[WhiteTeamCountry "ENG"]
[BlackTeamCountry "WLS"]

1. d4 Nf6 2. Nf3 e6 3. Bf4 c5 4. c3 b6 5. e3 Bb7 6. Nbd2 d5 7. Bxb8 Rxb8 8. Bb5+ Nd7 9. Ne5 Bc8 10. Nc6 Qc7 11. Nxb8 Qxb8 12. Qa4 Bd6 13. Nf3 Qc7 14. Ne5 Bxe5 15. dxe5 O-O 16. Bxd7 Bxd7 17. Qf4 Bb5 18. f3 f6 19. exf6 Qxf4 20. exf4 Rxf6 21. a4 Bc4 22. Kd2 Rxf4 23. Rhe1 Kf7 24. Re5 Bb3 25. a5 b5 26. Rae1 Rf6 27. R1e3 Bc4 28. b4 cxb4 29. cxb4 h6 30. h4 a6 31. g4 d4 32. R3e4 Bd5 33. Rxd4 Rxf3 34. Re3 Rf2+ 35. Re2 Rf3 36. Re3 Rf2+ 37. Ke1 Rb2 38. Rc3 Rb1+ 39. Kf2 Rb2+ 40. Kg3 Bc4 41. Rd6 Rxb4 42. Rxa6 Be2 43. Rc7+ Kf6 44. g5+ hxg5 45. hxg5+ Kxg5 46. Rxe6 Rb3+ 47. Kf2 Bc4 48. Rxg7+ Kf5 49. Rd6 Ke5 50. Rgd7 Ra3 51. a6 b4 52. a7 Rxa7 53. Rxa7 1/2-1/2

[Event "4NCL/2001-02/D3/BRI2-NK"]
[Site "Rd01-Birmingham"]
[Date "2001.09.22"]
[Round "1.6"]
[White "Davies, Christopher"]
[Black "Rawlinson, Aidan M"]
[Result "1-0"]
[WhiteElo "2086"]
[BlackElo "2048"]
[PlyCount "21"]
[EventDate "2001.09.22"]
[EventType "team-match"]
[EventCountry "ENG"]
[SourceTitle "BritBase"]
[Source "John Saunders"]
[SourceDate "2024.10.24"]
[SourceVersion "1"]
[SourceVersionDate "2024.10.24"]
[SourceQuality "1"]
[WhiteTeam "Nidum Knights"]
[BlackTeam "Bristol 2"]
[WhiteTeamCountry "WLS"]
[BlackTeamCountry "ENG"]

1. e4 e5 2. Nf3 Nf6 3. Nc3 Nc6 4. d4 exd4 5. Nd5 Nb4 6. Nxf6+ Qxf6 7. Bc4 Qc6 8. Bxf7+ Kd8 9. O-O Be7 10. Nxd4 Qf6 11. Ne6+ 1-0

[Event "4NCL/2001-02/D3/BRI2-NK"]
[Site "Rd01-Birmingham"]
[Date "2001.09.22"]
[Round "1.7"]
[White "Ponter, Ian P"]
[Black "Fish, Andrew"]
[Result "1-0"]
[WhiteElo "2086"]
[BlackElo "2096"]
[PlyCount "45"]
[EventDate "2001.09.22"]
[EventType "team-match"]
[EventCountry "ENG"]
[SourceTitle "BritBase"]
[Source "John Saunders"]
[SourceDate "2024.10.24"]
[SourceVersion "1"]
[SourceVersionDate "2024.10.24"]
[SourceQuality "1"]
[WhiteTeam "Bristol 2"]
[BlackTeam "Nidum Knights"]
[WhiteTeamCountry "ENG"]
[BlackTeamCountry "WLS"]

1. e4 e6 2. d4 d5 3. Nc3 Bb4 4. a3 Bxc3+ 5. bxc3 dxe4 6. Qg4 Nf6 7. Qxg7 Rg8 8. Qh6 Rg6 9. Qe3 c5 10. Ne2 Nc6 11. Bb2 Qa5 12. O-O-O Ng4 13. Qf4 f5 14. h3 Nf6 15. Qh4 Kf7 16. Nf4 Rg7 17. d5 exd5 18. Nxd5 Nxd5 19. Bc4 Be6 20. Bxd5 Rd8 21. Bxc6 Rxd1+ 22. Rxd1 bxc6 23. c4 1-0

[Event "4NCL/2001-02/D3/BRI2-NK"]
[Site "Rd01-Birmingham"]
[Date "2001.09.22"]
[Round "1.8"]
[White "Davis, Lee"]
[Black "Buckley, Maya"]
[Result "1-0"]
[WhiteElo "2060"]
[BlackElo "1336"]
[PlyCount "127"]
[EventDate "2001.09.22"]
[EventType "team-match"]
[EventCountry "ENG"]
[SourceTitle "BritBase"]
[Source "John Saunders"]
[SourceDate "2024.10.24"]
[SourceVersion "1"]
[SourceVersionDate "2024.10.24"]
[SourceQuality "1"]
[WhiteTeam "Nidum Knights"]
[BlackTeam "Bristol 2"]
[WhiteTeamCountry "WLS"]
[BlackTeamCountry "ENG"]

1. d4 Nf6 2. g3 g6 3. Bg2 Bg7 4. Nf3 O-O 5. O-O d5 6. c4 c6 7. Nc3 Na6 8. Qb3 Nc7 9. Bf4 e6 10. Rfd1 Re8 11. Rac1 b6 12. Bxc7 Qxc7 13. cxd5 exd5 14. Nxd5 Nxd5 15. Qxd5 cxd5 16. Rxc7 Rxe2 17. Ng5 Be6 18. Nxe6 fxe6 19. Bh3 Re8 20. Rxa7 Rxb2 21. a3 h5 22. Rb7 e5 23. dxe5 Rxe5 24. Rxd5 Rxd5 25. Be6+ Kh7 26. Bxd5 Rb1+ 27. Kg2 Kh6 28. Be4 Rb2 29. Rd7 Bf8 30. a4 Bc5 31. Rf7 Rb4 32. Bc6 Rb2 33. h4 Rd2 34. Bb5 Bd4 35. Be8 Re2 36. Bd7 Rd2 37. Bc6 Re2 38. Kf1 Ra2 39. Rf4 Bc5 40. Be8 Rd2 41. Rf6 Rd6 42. Rf7 Re6 43. Bb5 Bd4 44. Rd7 Bc5 45. Rd2 Re5 46. Rc2 Bd4 47. f3 Re3 48. Kg2 Rc3 49. Rd2 Bc5 50. g4 hxg4 51. fxg4 Be7 52. g5+ Kg7 53. Rd7 Kf8 54. Bd3 Rc6 55. Kf3 Rd6 56. Rxd6 Bxd6 57. Bxg6 Kg7 58. Bd3 Be7 59. Kg4 Bd8 60. h5 Bxg5 61. Kxg5 Kh8 62. Kf6 Kg8 63. h6 Kh8 64. Ke7 1-0

[Event "4NCL/2001-02/D3/GUI2-SCS"]
[Site "Rd01-Birmingham"]
[Date "2001.09.22"]
[Round "1.1"]
[White "Richardson, Keith Bevan"]
[Black "Edwards, David"]
[Result "0-1"]
[WhiteElo "2208"]
[BlackElo "2177"]
[PlyCount "76"]
[EventDate "2001.09.22"]
[EventType "team-match"]
[EventCountry "ENG"]
[SourceTitle "BritBase"]
[Source "John Saunders"]
[SourceDate "2024.10.24"]
[SourceVersion "1"]
[SourceVersionDate "2024.10.24"]
[SourceQuality "1"]
[WhiteTeam "Guildford-ADC 2"]
[BlackTeam "Southern Counties Stars"]
[WhiteTeamCountry "ENG"]
[BlackTeamCountry "ENG"]

1. c4 c5 2. Nc3 Nc6 3. Nf3 g6 4. e3 Bg7 5. d4 cxd4 6. exd4 d6 7. d5 Ne5 8. Nxe5 Bxe5 9. Be2 Bg7 10. Be3 Nf6 11. O-O O-O 12. Bd4 Bd7 13. Qd2 a6 14. b4 Bf5 15. Bf3 Qc8 16. c5 Bg4 17. Qe3 Qf5 18. Bxg4 Nxg4 19. Qd2 Bxd4 20. Qxd4 Rac8 21. Rac1 Nf6 22. Rfe1 Rfd8 23. Rcd1 Qd7 24. Ne4 Nxe4 25. Rxe4 Rc7 26. h3 Qa4 27. cxd6 Rxd6 28. Rde1 Rdd7 29. Qe3 Qxa2 30. d6 Rxd6 31. Rxe7 Rxe7 32. Qxe7 Qd5 33. Rc1 Rd8 34. Qc7 Re8 35. Qb6 Qd2 36. Rc7 Re1+ 37. Kh2 Qf4+ 38. g3 Qe4 0-1

[Event "4NCL/2001-02/D3/GUI2-SCS"]
[Site "Rd01-Birmingham"]
[Date "2001.09.22"]
[Round "1.2"]
[White "Rattray, Ross"]
[Black "Thompson, Ian D"]
[Result "1/2-1/2"]
[WhiteElo "2076"]
[BlackElo "2240"]
[PlyCount "77"]
[EventDate "2001.09.22"]
[EventType "team-match"]
[EventCountry "ENG"]
[SourceTitle "BritBase"]
[Source "John Saunders"]
[SourceDate "2024.10.24"]
[SourceVersion "1"]
[SourceVersionDate "2024.10.24"]
[SourceQuality "1"]
[WhiteTeam "Southern Counties Stars"]
[BlackTeam "Guildford-ADC 2"]
[WhiteTeamCountry "ENG"]
[BlackTeamCountry "ENG"]

1. e4 e6 2. d4 d5 3. Nc3 Bb4 4. Nge2 dxe4 5. a3 Bxc3+ 6. Nxc3 Nc6 7. Bb5 Nge7 8. Bg5 f6 9. Be3 O-O 10. Qd2 e5 11. d5 Nd4 12. Bc4 Nef5 13. Nxe4 b5 14. Ba2 Bb7 15. Bxd4 Nxd4 16. c3 Bxd5 17. Bxd5+ Qxd5 18. f3 f5 19. Nf2 Nxf3+ 20. gxf3 Qxf3 21. Qe2 Qc6 22. O-O-O e4 23. Kb1 Rae8 24. Rhf1 f4 25. Nh3 Qh6 26. Qg4 f3 27. Rde1 Qd6 28. Rd1 Qxh2 29. Rd7 Qe5 30. Rg1 Re7 31. Rxe7 Qxe7 32. Nf4 Qe5 33. Ne6 f2 34. Rf1 h5 35. Qg6 e3 36. Nxf8 Kxf8 37. Qd3 g5 38. Kc1 Qf4 39. Qd8+ 1/2-1/2